000 00906 a2200205 4500
001 24522
005 20260407155529.0
008 260407a1994 arg spa d
003 AR-UNSa-BCEJYS
040 _aAR-UNSa-BCEJYS
_bspa
_cAR-UNSa-BCEJYS
080 _a342.5
_xPoderes del estado. Sistema y función de los órganos del gobierno
245 1 0 _aReforma constitucional e instituciones políticas
020 _a950-9606-89-8
264 1 _aBuenos Aires :
_bAD-HOC
_c1994
300 _a494 p.
_c23 cm.
505 _a1. La constitución - 2. Técnica constitucional - 3. Reforma constitucional - 4. Nuevos derechos y garantías - 5. Organización del Congreso de la Nación - 6. Organización del poder ejecutivo de la Nación - 7. Organización del poder judicial de la Nación - 8. Gobiernos de la provincia.
942 _cBK
590 _aniveau_biblio:m niveau_hierar:0
100 1 _aBadeni, Gregorio
999 _c1193
_d1193